L'ètica de la policia : declaracions internacionals declaracions internacionals
Publicado:
[Barcelona] :
Direcció General de Seguretat Ciutadana, Departament de Governació, Generalitat de Catalunya, [1983]
Descripción Física:
97 p. ; 20 cm
Colección:
Policia i societat ; 1
Otros Autores:
Catalunya. Direcció General de Seguretat Ciutadana
Materias:
Policia -- Ètica professional
MARC
| LEADER | 00000nam a2200000Ia 4500 | ||
|---|---|---|---|
| 001 | 1538 | ||
| 008 | 160829s9999 xx 000 0 cat d | ||
| 080 | |a M-2-317 | ||
| 245 | |a L'ètica de la policia : |b declaracions internacionals | ||
| 260 | |a [Barcelona] : |b Direcció General de Seguretat Ciutadana, Departament de Governació, Generalitat de Catalunya, [1983] | ||
| 300 | |a 97 p. ; |c 20 cm | ||
| 490 | |a Policia i societat ; 1 | ||
| 650 | |a Policia |x Ètica professional |9 22032 | ||
| 700 | |a Catalunya. Direcció General de Seguretat Ciutadana |9 22033 | ||
| 901 | |a Arxiu | ||
| 942 | |n 1 | ||
| 952 | |0 0 |1 0 |4 0 |6 M2317 |7 1 |9 42013 |a Arxiu |b Arxiu |d 2016-12-01 |l 0 |o M-2-317 |p 1538 |r 2016-12-01 00:00:00 |w 2016-12-01 |y ARXIU | ||
| 999 | |c 44460 |d 44460 | ||